Sex roles as perceived by selected college students in University of Rizal System Tanay, Rizal School Year 2001-2002 / (Record no. 73135)

MARC details
000 -LEADER
fixed length control field 01429nam a22002777i 4500
003 - CONTROL NUMBER IDENTIFIER
control field URS
005 - DATE AND TIME OF LATEST TRANSACTION
control field 20240412231314.0
008 - FIXED-LENGTH DATA ELEMENTS--GENERAL INFORMATION
fixed length control field 171219b xxu||||| |||| 00| 0 eng d
050 14 - LIBRARY OF CONGRESS CALL NUMBER
Classification number HQ 1075.5.P6
Item number R26 2002
100 1# - MAIN ENTRY--PERSONAL NAME
Personal name Regalado, Azenith C,
Relator term author
245 10 - TITLE STATEMENT
Title Sex roles as perceived by selected college students in University of Rizal System Tanay, Rizal School Year 2001-2002 /
Statement of responsibility, etc. Azenith C. Regalado.
260 #1 - PUBLICATION, DISTRIBUTION, ETC.
Date of publication, distribution, etc. 2002.
300 ## - PHYSICAL DESCRIPTION
Extent xiv, 83 leaves :
Other physical details illustrations ;
Dimensions 28 cm
336 ## - CONTENT TYPE
Source rdacontent
Content type term text
336 ## - CONTENT TYPE
Source rdacontent
Content type term still image
337 ## - MEDIA TYPE
Source rdamedia
Media type term unmediated
338 ## - CARRIER TYPE
Source rdacarrier
Carrier type term volume
502 ## - DISSERTATION NOTE
Dissertation note Thesis
Degree type A.B. Psychology
Name of granting institution University of Rizal System
Year degree granted 2002
504 ## - BIBLIOGRAPHY, ETC. NOTE
Bibliography, etc. note Include bibliographical references.
520 ## - SUMMARY, ETC.
Summary, etc. This study primarily aimed to find out the sex roles as perceived by the selected college students of University of Rizal System school year 2001-2002. This used descriptive method of study with 88 purposively chosen college students as respondents. Percentage, Weighted Mean, and Two-Way ANOVA were used in statistical treatment of the study. Frequency, Likert Scale and rank were also used.
610 24 - SUBJECT ADDED ENTRY--CORPORATE NAME
Corporate name or jurisdiction name as entry element University of Rizal System
Subordinate unit Tanay Campus
General subdivision Undergraduates
650 #0 - SUBJECT ADDED ENTRY--TOPICAL TERM
Topical term or geographic name entry element Sex role
700 1# - ADDED ENTRY--PERSONAL NAME
Personal name PeƱaflor, Julieta C.
Relator term degree supervisor
856 ## - ELECTRONIC LOCATION AND ACCESS
Materials specified Online Request for Student Unpublished Works
Uniform Resource Identifier <a href="https://forms.gle/7LqvGGkaDrUQqz429">https://forms.gle/7LqvGGkaDrUQqz429</a>
942 ## - ADDED ENTRY ELEMENTS (KOHA)
Source of classification or shelving scheme Library of Congress Classification
Koha item type Theses and dissertations

No items available.

University of Rizal System
Email us at univlibservices@urs.edu.ph

Visit our Website www.urs.edu.ph/library